000 00619nam a2200205 a 4500
005 20240413063645.0
008 040204s1992 mx r 000 0 spa d
020 _a9684562861
035 _aUPN01000131706
049 _aCG
050 4 _aF1219.73
_bL8.2
100 1 _aLucena Salmoral, Manuel,
_d1933-
_930415
245 1 0 _aAsí vivían los aztecas /
_cManuel Lucena.
260 _aMéxico :
_bRei-México,
_c1992.
300 _a96 p. :
_bil.
440 0 _aBiblioteca básica de historia.
_pVida cotidiana
650 4 _aAztecas
_xVida social y costumbres
_95432
650 2 _aAztecas
_xHistoria
_92984
905 _aLibro
999 _c103861
_d103861